header

From Ellis Island to JFK (Record no. 147701)

MARC details
000 -LEADER
fixed length control field 02206nam a2200337Ia 4500
082 04 - DEWEY DECIMAL CLASSIFICATION NUMBER
Classification number 974.7/1/008691
100 1# - MAIN ENTRY--AUTHOR NAME
Personal name Foner, Nancy,
245 10 - TITLE STATEMENT
Title From Ellis Island to JFK
260 ## - PUBLICATION, DISTRIBUTION, ETC. (IMPRINT)
Place of publication New Haven :
Name of publisher Yale University Press ;
Place of publication New York :
Name of publisher Russell Sage Foundation,
Year of publication c2000.
300 ## - PHYSICAL DESCRIPTION
Number of Pages x, 334 p.
520 1# - SUMMARY, ETC.
Summary, etc "In the history of New York City, few events loom larger than the wave of immigration at the turn of the twentieth century. Today a similar influx is once again transforming the city. More than one in three New Yorkers are now immigrants. From Ellis Island to JFK is the first in-depth study that compares these two huge social changes." "Nancy Foner offers a critical reassessment of the myths that have grown up around the earlier Jewish and Italian immigration - myths that deeply color how today's Asian, Latin American, and Caribbean arrivals are seen. Issue by issue, she reveals the often surprising realities of both immigrations." "Drawing on a wealth of historical and contemporary research, Foner, in a lively and entertaining style, opens a new chapter in the study of immigration - and in the story of the nation's gateway city."
650 #0 - SUBJECT ADDED ENTRY--TOPICAL TERM
Topical Term Immigrants
856 40 - ELECTRONIC LOCATION AND ACCESS
Uniform Resource Identifier http://site.ebrary.com/lib/rucke/Doc?id=10190742

No items available.

© 2026 Rongo University
Contact us: librarian | system librarian | Rongo university